| 000 | 00367nam a22001577a 4500 | ||
|---|---|---|---|
| 003 | SGT | ||
| 020 | _a978-93-82219-15-6 | ||
| 082 |
_a614.44 _bP19P |
||
| 100 | _aPARK, K. | ||
| 245 | _aPARK'S TB. OF PREVENTIVE AND SOCIAL MEDICINE | ||
| 250 | _a25TH | ||
| 260 |
_aINDIA _bBHANOT PUB _c2019 |
||
| 300 | _a1000 | ||
| 650 | _aCOMMUNITY MEDICINE | ||
| 942 |
_2ddc _cBK _042 |
||
| 999 |
_c19626 _d19626 |
||